000 00288 a2200145 4500
001 58142
020 _a
040 _cAnchieta - Pituba
240 1 0 _aCadernos negros
_lpor
245 1 0 _aCadernos negros
300 _a141
362 0 _a1998
650 4 _aPoesia brasileira
942 _cBK
999 _c58142
_d58142